[Event "EU-ch U08 27th"]
[Site "Mamaia"]
[Date "2017.09.11"]
[Round "6"]
[White "Hudak, Michal"]
[Black "Minko, Aleksandr"]
[Result "0-1"]
[WhiteElo "1034"]
[BlackElo "1381"]
[PlyCount "72"]
[EventDate "2017.09.05"]
[EventType "swiss"]
[EventRounds "9"]
[EventCountry "ROU"]
[SourceTitle "CBM 180 Extra"]
[Source "ChessBase"]
[SourceDate "2017.10.06"]
[SourceVersion "1"]
[SourceVersionDate "2017.10.06"]
[SourceQuality "1"]

1. e4 e5 2. Nf3 Nc6 3. Bc4 Bc5 4. d3 Nf6 5. Bg5 h6 6. Bh4 g5 7. Bg3 d6 8. h3 Qe7 9. Nc3 Bd7 10. Qd2 0-0-0 11. 0-0-0 g4 12. hxg4 Bxg4 13. Rxh6 Nd4 14. Bh4 Nxf3 15. Bxf6 Nxd2 16. Bxe7 Rxh6 17. Bxd8 Bxd1 18. Nxd1 Nxc4 19. dxc4 Kxd8 20. Kd2 Rf6 21. f3 Rg6 22. Ke2 Rxg2+ 23. Kd3 Rg3 24. Kd2 Rxf3 25. Ke2 Rf4 26. Kd3 Kd7 27. Nc3 Ke6 28. Kd2 f5 29. Kd3 fxe4+ 30. Nxe4 Kf5 31. Nc3 Rf2 32. Nd1 e4+ 33. Kc3 e3 34. Nxe3+ Bxe3 35. Kd3 Kf4 36. c3 Rd2# 0-1